Music Quiz

Random Music or Song Quiz

Highest Charting Single on #1 Albums Quiz Stats

 Plays Quiz Updated Mar 23, 2020

Support Sporcle.
Go Orange.
Score 0/50 Timer 10:00
0 Plays Today
Album:Artist Song % Correct
Tracy Chapman: Tracy ChapmanFast Car
51.9%
Some Gave All: Billy Ray CyrusAchy Breaky Heart
49.8%
The Dark Side Of The Moon: Pink FloydMoney
43.2%
Licensed To Ill: Beastie Boys(You Gotta) Fight For Your Right (To Party!)
42.2%
Born In The U.S.A.: Bruce SpringsteenDancing In The Dark
40%
Stadium Arcadium: Red Hot Chili PeppersDani California
39.4%
The Marshall Mathers LP: EminemThe Real Slim Shady
33.5%
Millennium: Backstreet BoysI Want It That Way or Show Me The Meaning Of Being Lonely
32.7%
21st Century Breakdown: Green Day21 Guns
32.2%
Asia: AsiaHeat Of The Moment
30.3%
Metal Health: Quiet RiotCum On Feel The Noize
29.7%
Led Zeppelin II: Led ZeppelinWhole Lotta Love
29.7%
Loc-ed After Dark: Tone LocWild Thing
28.8%
Abraxas: SantanaBlack Magic Woman
28.7%
Cracked Rear View: Hootie And The BlowfishOnly Wanna Be With You
28.5%
Breakfast In America: SupertrampThe Logical Song
26.5%
Wheels Of Fire: CreamWhite Room
25.2%
Around The World In A Day: Prince And The RevolutionRaspberry Beret
25.2%
Achtung Baby: U2Mysterious Ways
24.3%
X&Y: ColdplaySpeed Of Sound
23.7%
Meteora: Linkin ParkNumb
23.7%
Get A Grip: AerosmithCryin'
22.3%
Breakfast At Tiffany's: Henry ManciniMoon River
20.7%
Escape: JourneyOpen Arms
20.1%
Fleetwood Mac: Fleetwood MacRhiannon or Say You Love Me
18.6%
Album:Artist Song % Correct
Honky Chateau: Elton JohnRocket Man
18%
Hard Candy: Madonna4 Minutes
17.7%
Blood On The Tracks: Bob DylanTangled Up In Blue
17.1%
Revolver: The BeatlesYellow Submarine
16.7%
People: Barbra StreisandPeople
16.6%
Break The Cycle: StaindIt's Been Awhile
15.5%
4 Way Street: Crosby, Stills, Nash & YoungOhio or Love The One You're With
14%
Daughtry: DaughtryIt's Not Over
13.7%
Hold Out: Jackson BrowneBoulevard
13.5%
5150: Van HalenWhy Can't This Be Love
13.5%
52nd Street: Billy JoelMy Life
13.5%
Please Hammer Don't Hurt 'Em: MC HammerPray
13.2%
Simple Dreams: Linda RonstadtBlue Bayou
10.3%
Monster: R.E.M.Bang and Blame
10.1%
Load: MetallicaUntil It Sleeps
9.9%
Bad Company: Bad CompanyCan't Get Enough
8.8%
Under My Skin: Avril LavigneMy Happy Ending
7.6%
Battle Of The Sexes: LudacrisHow Low
7.1%
Pisces, Aquarius, Capricorn & Jones Ltd.: The MonkeesPleasant Valley Sunday
6.5%
Blue Hawaii: Elvis PresleyCan't Help Falling In Love
5.5%
Whipped Cream & Other Delights: Herb AlpertA Taste Of Honey
4.4%
Ghetto D: Master PBurbons and Lacs
4.3%
No Shoes, No Shirt No Problems: Kenny ChesneyThe Good Stuff
2.2%
Days Of Wine And Roses: Andy WilliamsCan't Get Used To Losing You
1.5%
Da Game Is To Be Sold, Not To Be Told: Snoop DoggStill A G Thang
1.4%

You're not logged in!

Compare scores with friends on all Sporcle quizzes.
OR
Log In

From the Vault

States Bordering the Mississippi River

by Father_Time

Huck Finn would have really loved this one.
Remove Ads.
Support Sporcle.
Get the best of Sporcle when you Go Orange. This ad-free experience offers more features, more stats, and more fun while also helping to support Sporcle. Thank you for becoming a member.

Show Comments

Extras

Top Quizzes Today


Score Distribution

Your Account Isn't Verified!

In order to create a playlist on Sporcle, you need to verify the email address you used during registration. Go to your Sporcle Settings to finish the process.

Report this User

Report this user for behavior that violates our Community Guidelines.

Details: